000 00353nam a22001337a 4500
999 _c2151
_d2151
008 200214b ||||| |||| 00| 0 eng d
100 _91747
_aHeller, Robert
245 1 0 _aManaging teams /
_cby Robert Heller
260 _aLondon
_bDorling Kindersley
_c1998
300 _a72p.
440 _aEssential Managers Series
650 0 _aManagement
942 _cBK